|
|
|
|
| LEADER |
10867nam a22010577a 4500 |
| 001 |
8525 |
| 003 |
BD-DhAAL |
| 008 |
110618r20042011bg ab e 000 0 ben |
| 020 |
|
|
|a 9843205898
|q (খণ্ড ১);
|
| 020 |
|
|
|a 984320591
|q (খণ্ড ২);
|
| 020 |
|
|
|a 9789845120227
|q (খণ্ড ২);
|
| 020 |
|
|
|a 9843205901
|q (খণ্ড ৩);
|
| 020 |
|
|
|a 9789845120234
|q (খণ্ড ৩);
|
| 020 |
|
|
|a 9843205928
|q (খণ্ড ৪);
|
| 020 |
|
|
|a 9789845120241
|q (খণ্ড ৪);
|
| 020 |
|
|
|a 9843205936
|q (খণ্ড ৫);
|
| 020 |
|
|
|a 9789845120258
|q (খণ্ড ৫);
|
| 020 |
|
|
|a 9843205944
|q (খণ্ড ৬);
|
| 020 |
|
|
|a 9789845120265
|q (খণ্ড ৬);
|
| 020 |
|
|
|a 9843205952
|q (খণ্ড ৭);
|
| 020 |
|
|
|a 9843205960
|q (খণ্ড ৮);
|
| 020 |
|
|
|a 9843205979
|q (খণ্ড ৯);
|
| 020 |
|
|
|a 9843205987
|q (খণ্ড ১০);
|
| 020 |
|
|
|a 9789845120302
|q (খণ্ড ১০);
|
| 020 |
|
|
|a 9789845120319
|q (খণ্ড ১১);
|
| 020 |
|
|
|a 9789845120326
|q (খণ্ড ১২);
|
| 020 |
|
|
|a 9789845120333
|q (খণ্ড ১৩);
|
| 020 |
|
|
|a 9789845120340
|c (খণ্ড ১৪);
|
| 040 |
|
|
|a BD-DhAAL
|c BD-DhAAL
|
| 043 |
|
|
|a a-bg---
|
| 082 |
0 |
0 |
|a 954.92003
|2 22
|
| 245 |
0 |
0 |
|a বাংলাপিডিয়া :
|b বাংলাদেশ জাতীয় জ্ঞানকোষ /
|c প্রধান সম্পাদক, সিরাজুল ইসলাম; ব্যবস্থাপনা সম্পাদক, সাহাজান মিয়া.
|
| 250 |
|
|
|a দ্বিতীয় সংস্করণ.
|
| 260 |
|
|
|a ঢাকা :
|b বাংলাদেশ এশিয়াটিক সোসাইটি,
|c ২০১১ [পুনমুদ্রণ ২০০৪].
|
| 300 |
|
|
|a ১৪ খণ্ড :
|b চিত্র. (some col.), ম্যাপ (chiefly col.) ;
|c ২৫ সে.মি.
|
| 362 |
|
|
|a Vol. 1
|
| 500 |
|
|
|a প্রথম প্রকাশ ২০০৩
|
| 505 |
|
|
|a খণ্ড ১, খণ্ড ২, খণ্ড ৩, খণ্ড ৪, খণ্ড ৫, খণ্ড ৬, খণ্ড ৭, খণ্ড ৮, খণ্ড ৯, খণ্ড ১০, খণ্ড ১১, খণ্ড ১২, খণ্ড ১৩ , খণ্ড ১৪
|
| 541 |
|
|
|a Chairperson, BRAC
Complimentary copy from BIED (36312)
|e 8525, 4731, 36312
|
| 651 |
|
0 |
|a Bangladesh
|v Encyclopedias.
|9 21162
|
| 655 |
|
|
|a Encyclopedias.
|9 59143
|
| 700 |
1 |
|
|a ইসলাম, সিরাজুল,
|d ১৯৩৯-
|9 21163
|
| 700 |
1 |
|
|a মিয়া, সাহাজান.
|9 21164
|
| 710 |
2 |
|
|a বাংলাদেশ এশিয়াটিক সোসাইটি.
|9 21165
|
| 852 |
1 |
|
|a Ayesha Abed Library
|c Reference Shelf
|i vol. 1
|
| 942 |
|
|
|2 ddc
|c BK
|
| 999 |
|
|
|c 43353
|d 43353
|
| 952 |
|
|
|0 0
|1 0
|2 ddc
|4 0
|6 954_920030000000000_BAN
|7 0
|9 17203
|a BRACUL
|b BRACUL
|c REF
|d 2011-06-21
|l 1
|o 954.92003 BAN
|p 3010008525
|r 2016-04-05
|s 2016-04-05
|t Vol. 1
|w 2011-06-21
|y BK
|
| 952 |
|
|
|0 0
|1 0
|2 ddc
|4 0
|6 954_920030000000000_BAN
|7 0
|9 17204
|a BRACUL
|b BRACUL
|c REF
|d 2011-06-21
|l 0
|o 954.92003 BAN
|p 3010008526
|r 2011-06-21
|t Vol. 2
|w 2011-06-21
|y BK
|
| 952 |
|
|
|0 0
|1 0
|2 ddc
|4 0
|6 954_920030000000000_BAN
|7 0
|9 17205
|a BRACUL
|b BRACUL
|c REF
|d 2011-06-21
|l 0
|o 954.92003 BAN
|p 3010008527
|r 2011-06-21
|t Vol. 3
|w 2011-06-21
|y BK
|
| 952 |
|
|
|0 0
|1 0
|2 ddc
|4 0
|6 954_920030000000000_BAN
|7 0
|9 17206
|a BRACUL
|b BRACUL
|c REF
|d 2011-06-21
|l 0
|o 954.92003 BAN
|p 3010008528
|r 2011-06-21
|t Vol. 4
|w 2011-06-21
|y BK
|
| 952 |
|
|
|0 0
|1 0
|2 ddc
|4 0
|6 954_920030000000000_BAN
|7 0
|9 17207
|a BRACUL
|b BRACUL
|c REF
|d 2011-06-21
|e 715.00
|l 0
|o 954.92003 BAN
|p 3010008529
|r 2011-06-21
|t Vol. 5
|w 2011-06-21
|y BK
|
| 952 |
|
|
|0 0
|1 0
|2 ddc
|4 0
|6 954_920030000000000_BAN
|7 0
|9 17208
|a BRACUL
|b BRACUL
|c REF
|d 2011-06-21
|l 0
|o 954.92003 BAN
|p 3010008530
|r 2011-06-21
|t Vol. 6
|w 2011-06-21
|y BK
|
| 952 |
|
|
|0 0
|1 0
|2 ddc
|4 0
|6 954_920030000000000_BAN
|7 0
|9 17209
|a BRACUL
|b BRACUL
|c REF
|d 2011-06-21
|g 715.00
|l 0
|o 954.92003 BAN
|p 3010008531
|r 2011-06-21
|t Vol. 7
|w 2011-06-21
|y BK
|
| 952 |
|
|
|0 0
|1 0
|2 ddc
|4 0
|6 954_920030000000000_BAN
|7 0
|9 17210
|a BRACUL
|b BRACUL
|c REF
|d 2011-06-21
|l 0
|o 954.92003 BAN
|p 3010008532
|r 2011-06-21
|t Vol. 8
|w 2011-06-21
|y BK
|
| 952 |
|
|
|0 0
|1 0
|2 ddc
|4 0
|6 954_920030000000000_BAN
|7 0
|9 17211
|a BRACUL
|b BRACUL
|c REF
|d 2011-06-21
|g 715.00
|l 0
|o 954.92003 BAN
|p 3010008533
|r 2011-06-21
|t Vol. 9
|w 2011-06-21
|y BK
|
| 952 |
|
|
|0 0
|1 0
|2 ddc
|4 0
|6 954_920030000000000_BAN
|7 0
|9 17212
|a BRACUL
|b BRACUL
|c REF
|d 2011-06-21
|l 0
|o 954.92003 BAN
|p 3010008534
|r 2011-06-21
|t Vol. 10
|w 2011-06-21
|y BK
|
| 952 |
|
|
|0 0
|1 0
|2 ddc
|4 0
|6 954_920030000000000_BAN
|7 0
|9 21508
|a BRACUL
|b BRACUL
|c REF
|d 2012-12-08
|e Chairperson, BRAC
|g 715.00
|l 1
|o 954.92003 BAN
|p 3010026338
|r 2014-02-10
|s 2012-12-08
|t Vol. 1
|w 2012-12-08
|y BK
|
| 952 |
|
|
|0 0
|1 0
|2 ddc
|4 0
|6 954_920030000000000_BAN
|7 0
|9 21514
|a BRACUL
|b BRACUL
|c REF
|d 2012-12-08
|e Chairperson, BRAC
|g 715.00
|l 0
|o 954.92003 BAN
|p 3010026344
|r 2012-12-08
|t Vol. 7
|w 2012-12-08
|y BK
|
| 952 |
|
|
|0 0
|1 0
|2 ddc
|4 0
|6 954_920030000000000_BAN
|7 0
|9 21515
|a BRACUL
|b BRACUL
|c REF
|d 2012-12-08
|e Chairperson, BRAC
|g 715.00
|l 0
|o 954.92003 BAN
|p 3010026345
|r 2012-12-08
|t Vol. 8
|w 2012-12-08
|y BK
|
| 952 |
|
|
|0 0
|1 0
|2 ddc
|4 0
|6 954_920030000000000_BAN
|7 0
|9 21516
|a BRACUL
|b BRACUL
|c REF
|d 2012-12-08
|e Chairperson, BRAC
|g 715.00
|l 0
|o 954.92003 BAN
|p 3010026346
|r 2012-12-08
|t Vol. 9
|w 2012-12-08
|y BK
|
| 952 |
|
|
|0 0
|1 0
|2 ddc
|4 0
|6 954_920030000000000_BAN
|7 0
|9 21517
|a BRACUL
|b BRACUL
|c REF
|d 2012-12-08
|e Chairperson, BRAC
|g 715.00
|l 0
|o 954.92003 BAN
|p 3010026347
|r 2012-12-08
|t Vol. 10
|w 2012-12-08
|y BK
|
| 952 |
|
|
|0 0
|1 0
|2 ddc
|4 0
|6 954_920030000000000_BAN
|7 0
|9 21518
|a BRACUL
|b BRACUL
|c REF
|d 2012-12-08
|e Chairperson, BRAC
|g 715.00
|l 0
|o 954.92003 BAN
|p 3010026348
|r 2012-12-08
|t Vol. 11
|v 1430.00
|w 2012-12-08
|y BK
|
| 952 |
|
|
|0 0
|1 0
|2 ddc
|4 0
|6 954_920030000000000_BAN
|7 0
|9 21519
|a BRACUL
|b BRACUL
|c REF
|d 2012-12-08
|e Chairperson, BRAC
|g 715.00
|l 1
|m 2
|o 954.92003 BAN
|p 3010026349
|r 2019-01-06
|s 2018-12-17
|t Vol. 12
|v 1430.00
|w 2012-12-08
|y BK
|
| 952 |
|
|
|0 0
|1 0
|2 ddc
|4 0
|6 954_920030000000000_BAN
|7 0
|9 21520
|a BRACUL
|b BRACUL
|c REF
|d 2012-12-08
|e Chairperson, BRAC
|g 715.00
|l 0
|o 954.92003 BAN
|p 3010026350
|r 2012-12-08
|t Vol. 13
|v 1430.00
|w 2012-12-08
|y BK
|
| 952 |
|
|
|0 0
|1 0
|2 ddc
|4 0
|6 954_920030000000000_BAN
|7 0
|9 21521
|a BRACUL
|b BRACUL
|c REF
|d 2012-12-08
|e Chairperson, BRAC
|g 715.00
|l 1
|o 954.92003 BAN
|p 3010026351
|r 2018-02-12
|s 2018-02-05
|t Vol. 14
|v 1430.00
|w 2012-12-08
|y BK
|
| 952 |
|
|
|0 0
|1 0
|2 ddc
|4 0
|6 954_920030000000000_BAN
|7 0
|9 43653
|a SCL
|b SCL
|c REF
|d 2004-03-30
|l 0
|o 954.92003 BAN
|p 3020004731
|r 2014-09-01
|t Vol. 1
|w 2014-09-01
|y BK
|
| 952 |
|
|
|0 0
|1 0
|2 ddc
|4 0
|6 954_920030000000000_BAN
|7 0
|9 43654
|a SCL
|b SCL
|c REF
|d 2004-03-30
|l 0
|o 954.92003 BAN
|p 3020004732
|r 2014-09-01
|t Vol. 2
|w 2014-09-01
|y BK
|
| 952 |
|
|
|0 0
|1 0
|2 ddc
|4 0
|6 954_920030000000000_BAN
|7 0
|9 43655
|a SCL
|b SCL
|c REF
|d 2004-03-30
|l 0
|o 954.92003 BAN
|p 3020004733
|r 2014-09-01
|t Vol. 3
|w 2014-09-01
|y BK
|
| 952 |
|
|
|0 0
|1 0
|2 ddc
|4 0
|6 954_920030000000000_BAN
|7 0
|9 43656
|a SCL
|b SCL
|c REF
|d 2004-03-30
|l 0
|o 954.92003 BAN
|p 3020004734
|r 2014-09-01
|t Vol, 4
|w 2014-09-01
|y BK
|
| 952 |
|
|
|0 0
|1 0
|2 ddc
|4 0
|6 954_920030000000000_BAN
|7 0
|9 43657
|a SCL
|b SCL
|c REF
|d 2004-03-30
|l 0
|o 954.92003 BAN
|p 3020004735
|r 2014-09-01
|t Vol. 5
|w 2014-09-01
|y BK
|
| 952 |
|
|
|0 0
|1 0
|2 ddc
|4 0
|6 954_920030000000000_BAN
|7 0
|9 43658
|a SCL
|b SCL
|c REF
|d 2004-03-30
|l 0
|o 954.92003 BAN
|p 3020004736
|r 2025-03-05
|t Vol. 6
|w 2014-09-01
|y BK
|
| 952 |
|
|
|0 0
|1 0
|2 ddc
|4 0
|6 954_920030000000000_BAN
|7 0
|9 43659
|a SCL
|b SCL
|c REF
|d 2004-03-30
|l 0
|o 954.92003 BAN
|p 3020004737
|r 2014-09-01
|t Vol. 7
|w 2014-09-01
|y BK
|
| 952 |
|
|
|0 0
|1 0
|2 ddc
|4 0
|6 954_920030000000000_BAN
|7 0
|9 43660
|a SCL
|b SCL
|c REF
|d 2004-03-30
|l 0
|o 954.92003 BAN
|p 3020004738
|r 2014-09-01
|t Vol. 8
|w 2014-09-01
|y BK
|
| 952 |
|
|
|0 0
|1 0
|2 ddc
|4 0
|6 954_920030000000000_BAN
|7 0
|9 43661
|a SCL
|b SCL
|c REF
|d 2004-03-30
|l 0
|o 954.92003 BAN
|p 3020004739
|r 2014-09-01
|t Vol. 9
|w 2014-09-01
|y BK
|
| 952 |
|
|
|0 0
|1 0
|2 ddc
|4 0
|6 954_920030000000000_BAN
|7 0
|9 43662
|a SCL
|b SCL
|c REF
|d 2004-03-30
|l 0
|o 954.92003 BAN
|p 3020004740
|r 2014-09-01
|t Vol. 10
|w 2014-09-01
|y BK
|
| 952 |
|
|
|0 0
|1 0
|2 ddc
|4 0
|6 954_920030000000000_BAN
|7 0
|9 69533
|a BRACUL
|b BRACUL
|c REF
|d 2021-12-01
|e Complimentary copy from BIED
|g 715.00
|l 0
|o 954.92003 BAN
|p 3010036314
|r 2021-12-01
|t Vol. 7
|w 2021-12-01
|y BK
|x BIED-00768
|
| 952 |
|
|
|0 0
|1 0
|2 ddc
|4 0
|6 954_920030000000000_BAN
|7 0
|9 69534
|a BRACUL
|b BRACUL
|c REF
|d 2021-12-01
|e Complimentary copy from BIED
|g 715.00
|l 0
|o 954.92003 BAN
|p 3010036315
|r 2021-12-01
|t Vol. 9
|w 2021-12-01
|y BK
|x BIED-00770
|
| 952 |
|
|
|0 0
|1 0
|2 ddc
|4 0
|6 954_920030000000000_BAN
|7 0
|9 69535
|a BRACUL
|b BRACUL
|c REF
|d 2021-12-01
|e Complimentary copy from BIED
|l 0
|o 954.92003 BAN
|p 3010036312
|r 2021-12-01
|t Vol. 1
|w 2021-12-01
|y BK
|x BIED-00762
|
| 952 |
|
|
|0 0
|1 0
|2 ddc
|4 0
|6 954_920030000000000_BAN
|7 0
|9 69536
|a BRACUL
|b BRACUL
|c REF
|d 2021-12-02
|e Complimentary copy from BIED
|g 715.00
|l 0
|o 954.92003 BAN
|p 3010036313
|r 2021-12-02
|t Vol. 6
|w 2021-12-02
|y BK
|x BIED-00767
|
| 952 |
|
|
|0 0
|1 0
|2 ddc
|4 0
|6 954_920030000000000_BAN
|7 0
|9 69786
|a BRACUL
|b BRACUL
|c REF
|d 2022-02-14
|e Complimentary copy from BIED
|l 0
|o 954.92003 BAN
|p 3010037716
|r 2022-02-14
|t Vol. 4
|w 2022-02-14
|y BK
|x BIED 00765
|
| 952 |
|
|
|0 0
|1 0
|2 ddc
|4 0
|6 954_920030000000000_BAN
|7 0
|9 69787
|a BRACUL
|b BRACUL
|c REF
|d 2022-02-14
|e Complimentary copy from BIED
|l 0
|o 954.92003 BAN
|p 3010037715
|r 2022-02-14
|t Vol. 3
|w 2022-02-14
|y BK
|x BIED 00764
|
| 952 |
|
|
|0 0
|1 0
|2 ddc
|4 0
|6 954_920030000000000_BAN
|7 0
|9 69788
|a BRACUL
|b BRACUL
|c REF
|d 2022-02-14
|e Complimentary copy from BIED
|l 0
|o 954.92003 BAN
|p 3010037714
|r 2022-02-14
|t Vol. 2
|w 2022-02-14
|y BK
|x BIED00763
|
| 952 |
|
|
|0 0
|1 0
|2 ddc
|4 0
|6 954_920030000000000_BAN
|7 0
|9 69791
|a BRACUL
|b BRACUL
|c REF
|d 2022-02-14
|e Complimentary copy from BIED
|l 1
|o 954.92003 BAN
|p 3010037719
|r 2023-04-03
|s 2023-03-28
|t Vol. 10
|w 2022-02-14
|y BK
|x BIED-00771
|
| 952 |
|
|
|0 0
|1 0
|2 ddc
|4 0
|6 954_920030000000000_BAN
|7 0
|9 69792
|a BRACUL
|b BRACUL
|c REF
|d 2022-02-14
|e Complimentary copy from BIED
|l 0
|o 954.92003 BAN
|p 3010037717
|r 2022-02-14
|t Vol. 5
|w 2022-02-14
|y BK
|x BIED-00766
|
| 952 |
|
|
|0 0
|1 0
|2 ddc
|4 0
|6 954_920030000000000_BAN
|7 0
|9 69794
|a BRACUL
|b BRACUL
|c REF
|d 2022-02-14
|e Complimentary copy from BIED
|l 0
|o 954.92003 BAN
|p 3010037718
|r 2022-02-14
|t Vol. 8
|w 2022-02-14
|y BK
|x BIED-00769
|
| 952 |
|
|
|0 0
|1 0
|2 ddc
|4 0
|6 954_920030000000000_BAN
|7 0
|9 77206
|a BRACUL
|b BRACUL
|c REF
|d 2025-01-15
|e Chairperson, BRAC
|g 715.00
|l 0
|o 954.92003 BAN
|p 3010026339
|r 2025-01-15
|t Vol. 2
|w 2025-01-15
|y BK
|
| 952 |
|
|
|0 0
|1 0
|2 ddc
|4 0
|6 954_920030000000000_BAN
|7 0
|9 77207
|a BRACUL
|b BRACUL
|c REF
|d 2025-01-15
|e Chairperson, BRAC
|g 715.00
|l 0
|o 954.92003 BAN
|p 3010026340
|r 2025-01-15
|t Vol. 3
|w 2025-01-15
|y BK
|
| 952 |
|
|
|0 0
|1 0
|2 ddc
|4 0
|6 954_920030000000000_BAN
|7 0
|9 77208
|a BRACUL
|b BRACUL
|c REF
|d 2025-01-15
|e Chairperson, BRAC
|g 715.00
|l 0
|o 954.92003 BAN
|p 3010026341
|r 2025-01-15
|t Vol. 4
|v 1430.00
|w 2025-01-15
|y BK
|
| 952 |
|
|
|0 0
|1 0
|2 ddc
|4 0
|6 954_920030000000000_BAN
|7 0
|9 77209
|a BRACUL
|b BRACUL
|c REF
|d 2025-01-15
|e Chairperson, BRAC
|g 715.00
|l 0
|o 954.92003 BAN
|p 3010026342
|r 2025-01-15
|t Vol. 5
|v 730.00
|w 2025-01-15
|y BK
|
| 952 |
|
|
|0 0
|1 0
|2 ddc
|4 0
|6 954_920030000000000_BAN
|7 0
|9 77210
|a BRACUL
|b BRACUL
|c REF
|d 2025-01-15
|e Chairperson, BRAC
|g 715.00
|l 0
|o 954.92003 BAN
|p 3010026343
|r 2025-01-15
|t Vol. 6
|w 2025-01-15
|y BK
|